000 00704nam a22002657a 4500
999 _c313538
_d313538
001 27196
003 UA-OsUOA
005 20230504161218.0
007 ta
008 20040618b un ||||| |||| 00| 0 ukr d
020 _a9668251059
040 _aUA-OsUOA
_brus
_cUA-OsUOA
_dUA-OsUOA
041 _arus
044 _aRU
080 _a658:007
090 _a658:007
_bО-72
100 _aОсовська Г. В.
245 _aКомунікації в менеджменті
_bнавч. посіб.
260 _aКиїв
_bКондор
_c2003
300 _a218 с.
650 7 _2UDC
942 _cBK
_2udc
955 _a0